| 000 | 00562cam a2200205ua 4500 | ||
|---|---|---|---|
| 020 |
_a0-07-462235-8 _c225.00 |
||
| 041 |
_aeng _h |
||
| 082 |
_a621.3916 _bMAL/DI |
||
| 100 | _aMalvino, Albert Paul . | ||
| 245 |
_aDigital computer electronics / _cAlbert Paul Malvino. _hTextual Documents |
||
| 250 |
_a3 / _b. |
||
| 260 |
_aNew Delhi : _bTata Mc-Graw Hill Publishing Company , _c1995. |
||
| 300 |
_a522 : _b506 ; . |
||
| 365 | _a225.00 | ||
| 500 | _a*CSS | ||
| 504 | _a | ||
| 700 | 1 | _aBrown, Jerald A . | |
| 942 | _cBK | ||
| 999 |
_c10556 _d10556 |
||